La carta del ciutadà, és una carta per als ciutadans? / David Prior, John Stewart, Kieron Walsh
ISBN:
84-7794-484-9
Publicado:
Barcelona :
Diputació de Barcelona, Àrea de Règim Interior, Hisenda i Planificació, Servei de Formació Local ,
1996
Descripción Física:
48 p. ; 21 cm
Colección:
Perspectiva ; 5
MARC
| LEADER | 00000nam a2200000Ia 4500 | ||
|---|---|---|---|
| 001 | 11484 | ||
| 008 | 160829s1996 xx 000 0 cat d | ||
| 020 | |a 84-7794-484-9 | ||
| 080 | |a FU-13-8 | ||
| 100 | |a Prior, David |9 35229 | ||
| 245 | |a La carta del ciutadà, és una carta per als ciutadans? / David Prior, John Stewart, Kieron Walsh | ||
| 260 | |a Barcelona : |b Diputació de Barcelona, Àrea de Règim Interior, Hisenda i Planificació, Servei de Formació Local, |c 1996 | ||
| 300 | |a 48 p. ; |c 21 cm | ||
| 490 | |a Perspectiva ; 5 | ||
| 650 | 0 | |a Educació cívica |9 35230 | |
| 650 | 0 | |a Administració local |9 34286 | |
| 650 | 0 | |a Municipis |x Govern i administració |9 22275 | |
| 700 | |a Stewart, John |9 35231 | ||
| 700 | |a Walsh, Kieron |9 35232 | ||
| 710 | |a Barcelona (Catalunya : Província). |b Servei de Formació Local |9 53659 | ||
| 901 | |a Arxiu | ||
| 942 | |n 1 | ||
| 952 | |0 0 |1 0 |4 0 |6 FU138 |7 1 |9 46821 |a Arxiu |b Arxiu |d 2016-12-01 |l 0 |o FU-13-8 |p 11484 |r 2016-12-01 00:00:00 |w 2016-12-01 |y ARXIU | ||
| 999 | |c 50614 |d 50614 | ||